| 000 | 01437cam a22002295a 4500 | ||
|---|---|---|---|
| 001 | L157980 | ||
| 008 | 130918s2013 xxk f 000 0 eng d | ||
| 020 | _a9780203075739 | ||
| 035 | _a(Sirsi) u157980 | ||
| 041 | 0 | _aeng | |
| 100 | 1 |
_aAppleby _bPaul |
|
| 245 | 0 | 0 |
_aSustainable retrofit and facilities management _h[electronic resource] |
| 260 |
_aChichester _bTaylor & Francis Ltd _c2013 |
||
| 300 | _aebook | ||
| 520 | _aProvides guidance to those involved in the refurbishment and management of existing buildings on minimizing carbon emissions, water consumption and waste to landfill, along with enhancing the long term sustainability of a building. Outlines measures that can be used to improve the efficiency and sustainability of existing buildings, through both good management and refurbishment. Explores the relationship between the refurbishment of existing buildings, facility management and the wider community infrastructure. Looks at management tools such as post occupancy evaluation, building health checks, energy management software, green building management toolkits and green leases. Illustrated throughout with case studies and examples of best practice. | ||
| 650 | 2 | 4 | _aEBOOK |
| 651 | 4 | _aInternational | |
| 690 |
_aFacilities management _96240 |
||
| 690 |
_aSustainability _96271 |
||
| 856 | 4 | 0 |
_uhttps://www.vlebooks.com/ _zView on VLEbooks. Logins for members only from [email protected] |
| 942 | _n0 | ||
| 999 |
_c115052 _d115052 |
||